Production and Operations Management Manufacturing and Services
Salvato in:
| Autore principale: | |
|---|---|
| Altri autori: | |
| Natura: | Libro |
| Lingua: | inglese |
| Pubblicazione: |
Chicago
IRWIN
1995
|
| Edizione: | 7. ed. |
| Soggetti: | |
| Tags: |
Nessun Tag, puoi essere il primo ad aggiungerne!!
|
MARC
| LEADER | 00000nam a2200000 4500 | ||
|---|---|---|---|
| 001 | c014263 | ||
| 005 | 20221205133430.6 | ||
| 020 | |a 0-256-14023-5 | ||
| 041 | 0 | |a eng | |
| 044 | |a US | ||
| 245 | 1 | 0 | |a Production and Operations Management |b Manufacturing and Services |c Richard B. Chase, Nicholas J. Aquilano |
| 250 | |a 7. ed. | ||
| 264 | 1 | |a Chicago |b IRWIN |c 1995 | |
| 300 | |a 853 s. | ||
| 610 | 2 | 0 | |a riadenie operatívne |
| 610 | 2 | 0 | |a výroba |
| 610 | 2 | 0 | |a manažment |
| 610 | 2 | 0 | |a riadenie podnikové |
| 610 | 2 | 0 | |a služby |
| 100 | 1 | |a Chase, Richard B. | |
| 700 | 1 | |a Aquilano, Nicholas J. | |